000 01025cam a2200313 a 4500
001 3178
005 20240215151908.0
020 _a059046244X
040 _aDLC
_cDLC
_dDLC
_beng
050 0 0 _aPZ7.P75186
082 0 0 _a306.85
100 1 _aPolacco, Patricia
245 1 0 _aChicken Sunday /
_cPolacco, Patricia
250 _aFirst Scholastic printing , March 1993
260 _aNew York :
_bScholastic ,
_c1992
300 _a31 unnumbered pages :
_bcolor illustrations ;
_c28 cm.
505 _aP
520 _aTo thank Miss Eula for her wonderful Sunday chicken dinners, three children sell decorated eggs to buy her a beautiful Easter hat.
521 _a650
_bLexile
521 _aP
_bRaz-Plus
650 1 _aEgg decoration
_vFiction.
650 1 _aEaster
_vFiction.
650 1 _aFriendship
_vFiction.
650 1 _aGrandmothers
_vFiction.
650 1 _aRace relations
_vFiction.
650 1 _aAfrican Americans
_vFiction.
906 _a7
_bcbc
_corignew
_d1
_eocip
_f19
_gy-gencatlg
942 _2ddc
_cBK
_n0
999 _c3178
_d3178